<?xml version="1.0" encoding="UTF-8"?>
<record
    xmlns:xsi="http://www.w3.org/2001/XMLSchema-instance"
    xsi:schemaLocation="http://www.loc.gov/MARC21/slim http://www.loc.gov/standards/marcxml/schema/MARC21slim.xsd"
    xmlns="http://www.loc.gov/MARC21/slim">

  <leader>01391nam a2200337   4500</leader>
  <controlfield tag="001">291</controlfield>
  <controlfield tag="003">OSt</controlfield>
  <controlfield tag="005">20250528074017.0</controlfield>
  <controlfield tag="008">250317b        |||||||e |||| 00| f eng d</controlfield>
  <datafield tag="040" ind1=" " ind2=" ">
    <subfield code="b">por </subfield>
  </datafield>
  <datafield tag="041" ind1=" " ind2=" ">
    <subfield code="h">fre</subfield>
    <subfield code="a">por</subfield>
  </datafield>
  <datafield tag="082" ind1=" " ind2=" ">
    <subfield code="a">843</subfield>
    <subfield code="b">D886t</subfield>
  </datafield>
  <datafield tag="100" ind1="1" ind2=" ">
    <subfield code="a">Dumas, Alexandre,</subfield>
    <subfield code="d">1802-1870.</subfield>
    <subfield code="9">555</subfield>
  </datafield>
  <datafield tag="240" ind1=" " ind2=" ">
    <subfield code="a"> Les Trois Mousquetaires</subfield>
  </datafield>
  <datafield tag="245" ind1=" " ind2=" ">
    <subfield code="a">Os Tr&#xEA;s Mosqueteiros&#x200B; /</subfield>
    <subfield code="c">Dumas, Alexandre ; Tradu&#xE7;&#xE3;o de Oct&#xE1;vio Mendes Cajado</subfield>
  </datafield>
  <datafield tag="250" ind1=" " ind2=" ">
    <subfield code="a">2 ed.</subfield>
  </datafield>
  <datafield tag="260" ind1=" " ind2=" ">
    <subfield code="a">S&#xE3;o Paulo</subfield>
    <subfield code="b">Abril</subfield>
    <subfield code="c">1971</subfield>
  </datafield>
  <datafield tag="300" ind1=" " ind2=" ">
    <subfield code="a">510 p.</subfield>
  </datafield>
  <datafield tag="490" ind1="1" ind2=" ">
    <subfield code="a">Os Imortais da Literatura Universal</subfield>
  </datafield>
  <datafield tag="520" ind1=" " ind2=" ">
    <subfield code="a">Os Tr&#xEA;s Mosqueteiros &#xE9; um romance hist&#xF3;rico que narra as aventuras de d'Artagnan, um jovem gasc&#xE3;o que parte para Paris com o sonho de se tornar mosqueteiro do rei. L&#xE1;, ele conhece tr&#xEA;s mosqueteiros experientes &#x2014; Athos, Porthos e Aramis &#x2014; e juntos enfrentam intrigas pol&#xED;ticas e desafios em nome da Coroa francesa. A obra explora temas como amizade, honra e coragem, sendo um cl&#xE1;ssico da literatura de capa e espada. &#x200B;
</subfield>
  </datafield>
  <datafield tag="650" ind1=" " ind2="0">
    <subfield code="a">Literatura francesa</subfield>
    <subfield code="9">122</subfield>
  </datafield>
  <datafield tag="650" ind1=" " ind2="0">
    <subfield code="a">Aventura</subfield>
    <subfield code="9">47</subfield>
  </datafield>
  <datafield tag="650" ind1=" " ind2="0">
    <subfield code="a">Amizade</subfield>
    <subfield code="9">556</subfield>
  </datafield>
  <datafield tag="650" ind1=" " ind2="0">
    <subfield code="a">Cl&#xE1;ssicos</subfield>
    <subfield code="9">77</subfield>
  </datafield>
  <datafield tag="650" ind1=" " ind2="0">
    <subfield code="a">Hist&#xF3;rico</subfield>
    <subfield code="9">53</subfield>
  </datafield>
  <datafield tag="655" ind1=" " ind2="0">
    <subfield code="a">Romance</subfield>
    <subfield code="9">23</subfield>
  </datafield>
  <datafield tag="655" ind1=" " ind2="0">
    <subfield code="a">Fic&#xE7;&#xE3;o </subfield>
    <subfield code="9">22</subfield>
  </datafield>
  <datafield tag="700" ind1="1" ind2=" ">
    <subfield code="a">Cajado, Oct&#xE1;vio Mendes,</subfield>
    <subfield code="d">1915-</subfield>
    <subfield code="e">TRADUTOR</subfield>
    <subfield code="9">525</subfield>
  </datafield>
  <datafield tag="830" ind1=" " ind2=" ">
    <subfield code="a">Os Imortais da Literatura Universal</subfield>
    <subfield code="9">461</subfield>
    <subfield code="v">vol. 07</subfield>
  </datafield>
  <datafield tag="942" ind1=" " ind2=" ">
    <subfield code="2">ddc</subfield>
    <subfield code="n">0</subfield>
    <subfield code="c">BK</subfield>
  </datafield>
  <datafield tag="952" ind1=" " ind2=" ">
    <subfield code="0">0</subfield>
    <subfield code="1">0</subfield>
    <subfield code="2">ddc</subfield>
    <subfield code="4">0</subfield>
    <subfield code="7">0</subfield>
    <subfield code="8">FIC</subfield>
    <subfield code="a">BIBIB</subfield>
    <subfield code="b">BIBIB</subfield>
    <subfield code="c">LE</subfield>
    <subfield code="d">2025-03-17</subfield>
    <subfield code="e">doa&#xE7;&#xE3;o</subfield>
    <subfield code="l">0</subfield>
    <subfield code="o">843 / D886t</subfield>
    <subfield code="p">2025-17245</subfield>
    <subfield code="r">2025-03-17 14:10:47</subfield>
    <subfield code="w">2025-03-17</subfield>
    <subfield code="y">BK</subfield>
  </datafield>
  <datafield tag="999" ind1=" " ind2=" ">
    <subfield code="c">291</subfield>
    <subfield code="d">291</subfield>
  </datafield>
</record>
